Image statistics in visual computing / (Record no. 28402)

MARC details
000 -LEADER
fixed length control field 01883cam a2200373 i 4500
001 - CONTROL NUMBER
control field 17804254
003 - CONTROL NUMBER IDENTIFIER
control field EG-ScBUE
005 - DATE AND TIME OF LATEST TRANSACTION
control field 20200704104341.0
008 - FIXED-LENGTH DATA ELEMENTS--GENERAL INFORMATION
fixed length control field 130708t2014 flua b 001 0 eng d
020 ## - INTERNATIONAL STANDARD BOOK NUMBER
International Standard Book Number 9781568817255 (hardback : alk. paper)
040 ## - CATALOGING SOURCE
Original cataloging agency DLC
Language of cataloging eng
Description conventions rda
Transcribing agency DLC
Modifying agency DLC
-- EG-ScBUE
082 04 - DEWEY DECIMAL CLASSIFICATION NUMBER
Classification number 006.37
Item number POU
Edition number 22
100 1# - MAIN ENTRY--PERSONAL NAME
Personal name Pouli, Tania,
Relator term author.
245 10 - TITLE STATEMENT
Title Image statistics in visual computing /
Statement of responsibility, etc Tania Pouli, Erik Reinhard, Douglas W. Cunningham.
264 #1 - PUBLICATION, DISTRIBUTION, ETC. (IMPRINT)
Place of publication, distribution, etc Boca Raton, [Florida] :
Name of publisher, distributor, etc CRC Press/Taylor & Francis Group,
Date of publication, distribution, etc [2014]
264 #4 - PUBLICATION, DISTRIBUTION, ETC. (IMPRINT)
Date of publication, distribution, etc c2014
300 ## - PHYSICAL DESCRIPTION
Extent xviii, 354 pages :
Other physical details color illustrations ;
Dimensions 24 cm
336 ## - CONTENT TYPE
Content type term text
Source rdacontent
Content type code txt
337 ## - MEDIA TYPE
Media type term unmediated
Source rdamedia
Media type code n
338 ## - CARRIER TYPE
Carrier type term volume
Source rdacarrier
Carrier type code nc
500 ## - GENERAL NOTE
General note "An A K Peters book."
504 ## - BIBLIOGRAPHY, ETC. NOTE
Bibliography, etc Includes bibliographical references and index.
520 ## - SUMMARY, ETC.
Summary, etc "The statistics of natural images have attracted the attention of researchers in a variety of fields as a means to better understand the human visual system and its processes. A number of algorithms in computer graphics and vision and image processing take advantage of such statistical findings to create visually more plausible results. This book explores the state of the art in image statistics and discusses existing and potential applications within computer graphics and related areas"--
Assigning source Provided by publisher.
650 #7 - SUBJECT ADDED ENTRY--TOPICAL TERM
Topical term or geographic name as entry element Computer vision
General subdivision Mathematics.
Source of heading or term BUEsh
650 #7 - SUBJECT ADDED ENTRY--TOPICAL TERM
Topical term or geographic name as entry element Computer graphics.
Source of heading or term BUEsh
650 #7 - SUBJECT ADDED ENTRY--TOPICAL TERM
Topical term or geographic name as entry element Visual perception.
Source of heading or term BUEsh
653 ## - INDEX TERM--UNCONTROLLED
Resource For college Informatics and Computer Science
Arrived date list July2020
655 ## - INDEX TERM--GENRE/FORM
Form subdivision Text book
9 (RLIN) 33728
700 1# - ADDED ENTRY--PERSONAL NAME
Personal name Cunningham, Douglas W.
Fuller form of name (Douglas William)
Relator term author.
700 1# - ADDED ENTRY--PERSONAL NAME
Personal name Reinhard, Erik,
Dates associated with a name 1968-
Relator term author.
906 ## - LOCAL DATA ELEMENT F, LDF (RLIN)
a 7
b cbc
c orignew
d 1
e ecip
f 20
g y-gencatlg
942 ## - ADDED ENTRY ELEMENTS (KOHA)
Source of classification or shelving scheme Dewey Decimal Classification
Koha item type Book - Textbooks
Holdings
Withdrawn status Lost status Source of classification or shelving scheme Damaged status Not for loan Collection code Home library Current library Shelving location Date acquired Source of acquisition Total Checkouts Full call number Barcode Date last seen Price effective from Koha item type
    Dewey Decimal Classification     Baccah Central Library Central Library Lower Floor 04/07/2020 Purchase   006.37 POU 000049169 15/07/2025 04/07/2020 NB - Book (Non borrowing)
    Dewey Decimal Classification     Baccah Central Library Central Library Lower Floor 04/07/2020 Purchase   006.37 POU 000049170 12/02/2024 04/07/2020 NB - Book (Non borrowing)
    Dewey Decimal Classification     Baccah Central Library Central Library Lower Floor 04/07/2020 Purchase   006.37 POU 000049171 24/08/2022 04/07/2020 Book - Borrowing
    Dewey Decimal Classification     Baccah Central Library Central Library Lower Floor 04/07/2020 Purchase   006.37 POU 000049172 11/06/2024 04/07/2020 Book - Borrowing
    Dewey Decimal Classification     Baccah Central Library Central Library Lower Floor 04/07/2020 Purchase   006.37 POU 000049173 15/07/2025 04/07/2020 Book - Borrowing